[Event "Indian Republic Day CUP : 2015 "]
[Site "SchemingMind.com"]
[Date "2015.01.04"]
[Round "-"]
[White "Lambik"]
[Black "michel"]
[Result "1/2-1/2"]
[WhiteCountry "BEL"]
[BlackCountry "CAN"]
[WhiteElo "2289"]
[WhiteRD "95"]
[BlackElo "2318"]
[BlackRD "59"]
[GameID "372359"]

1. e4 d6 2. d4 Nf6 3. Nc3 e5 4. Nf3 Nbd7 5. Bc4 Be7 6. O-O O-O 7. Re1 c6 8. a4 h6 9. Ba2 Re8 10. a5 Qc7
11. h3 Nf8 12. d5 Bd7 13. Qd3 cxd5 14. Bxd5 Rac8 15. a6 bxa6 16. Qxa6 Nxd5 17. Nxd5 Qxc2 18. Bd2 Qc4 19. Qxc4 Rxc4 20. b3 Rc2
21. Rxa7 Bd8 22. Bb4 Bc6 23. Ra6 Ne6 24. Ne3 Bb5 25. Ra8 Rc6 26. Nf5 Nc7 27. Ra7 Re6 28. Ba5 Kh7 29. b4 Bd3 30. Rb7 Ba6
31. Ra7 Bd3 32. Kh2 Rf6 33. Bxc7 Rxc7 34. Rxc7 Bxc7 35. Ne7 Re6 36. Nd5 Bd8=
1/2-1/2

[Event "Indian Republic Day CUP : 2015 "]
[Site "SchemingMind.com"]
[Date "2015.01.04"]
[Round "-"]
[White "michel"]
[Black "Robert Bruce"]
[Result "1-0"]
[WhiteCountry "CAN"]
[BlackCountry "SCO"]
[WhiteElo "2318"]
[WhiteRD "59"]
[BlackElo "2121"]
[BlackRD "67"]
[GameID "372360"]

1. e4 c6 2. d4 d5 3. e5 Bf5 4. Nf3 e6 5. Be2 c5 6. Be3 Bg4 7. dxc5 Nd7 8. c4 Bxc5 9. Bxc5 Nxc5 10. O-O Ne7
11. Qd4 Ne4 12. cxd5 exd5 13. Rd1 O-O 14. Nc3 Nc6 15. Qxd5 Nxc3 16. bxc3 Qxd5 17. Rxd5 Rfd8 18. Rad1 Rxd5 19. Rxd5 Rd8 20. Rxd8+ Nxd8
21. Nd4 Bxe2 22. Nxe2 Kf8 23. f4 g5 24. Kf2 gxf4 25. Kf3 f6 26. Kxf4 fxe5+ 27. Kxe5 Ke7 28. Nd4 Nf7+ 29. Kd5 Nd6 30. c4 Kd7
31. g4 Nf7 32. h4 Nh6 33. g5 Ng4 34. c5 Nf2 35. h5 Ke8 36. g6 hxg6 37. hxg6 Ke7 38. g7 Kf7 39. Ne6 Ng4 40. Nd8+ Kxg7
41. Ke6 Nf6 42. Nxb7 Ne8 43. c6 Kg6 44. Nd6 Nc7+ 45. Kd7 Na6 46. c7 Nxc7 47. Kxc7 Kf6 48. Kb7 Ke6 49. Nb5
1-0